Normal view
MARC view
Entry Topical Term
001 - CONTROL NUMBER
- control field: 17922
003 - CONTROL NUMBER IDENTIFIER
- control field: BD-RjUL
005 - DATE AND TIME OF LATEST TRANSACTION
- control field: 20260331121934.0
008 - FIXED-LENGTH DATA ELEMENTS
- fixed length control field: 260331|| aca||aabn | a|a d
040 ## - CATALOGING SOURCE
- Original cataloging agency: BD-RjUL
- Transcribing agency: BD-RjUL
150 ## - HEADING--TOPICAL TERM
- Topical term or geographic name entry element: Jews
- Form subdivision: Drama
670 ## - SOURCE DATA FOUND
- Source citation: Work cat.: (BD-RjUL)86273: Marlowe, Christopher, 1564-1593., The Jew of Malta /, c2021.